| 000 | 00678nam a22001817a 4500 | ||
|---|---|---|---|
| 008 | 160921b xxu||||| |||| 00| 0 eng d | ||
| 020 | _a0130618950 | ||
| 050 |
_aQA 11.5 _b.A64 2002 |
||
| 100 | _aAmeis, Jerry A. | ||
| 245 |
_aMathematics on the internet: _baresourcs for K-12 teachers/ _cJerry A. Ameis |
||
| 250 | _a2nd ed. | ||
| 260 |
_aUpper saddle river: _bMerril prentice hall; _c2002. |
||
| 300 |
_aix,130p. :ill. ; _bIncludes bibliographical references _c15cm |
||
| 650 |
_aMathematics _xstudy and teaching _ycpmputer network resources. |
||
| 650 | _aInternet in education. | ||
| 700 | _aEbenezer, Jazlin V. | ||
| 942 |
_2lcc _cBOOKS _hQA 11.5 .A64 2002 |
||
| 999 |
_c13934 _d13934 |
||